000 00733nam a2200289Ia 4500
005 20260324121939.0
008 008 260324s9999 xx 000 0 eng d
020 _a9780429253300
037 _aEBOOK
040 _aCRL
040 _beng
040 _cCRL
041 _2eng
041 _aeng
084 _qCRL
100 _aLauren M. Barrow; Ron A. Rufo; Saul Arambula
_91164508
245 0 _aPolice and Profiling in the United States
245 0 _bApplying Theory to Criminal Investigations
260 _bTaylor and Francis
260 _c2013
365 _a
365 _b230
856 _uhttp://www.taylorfrancis.com/books/9780429253300
942 _cEBOOK
999 _c1756910
_d1756910